[Event "San Fermin Masters Final"]
[Site "chess24.com INT"]
[Date "2021.07.10"]
[Round "1.4"]
[White "Abdusattorov, Nodirbek"]
[Black "Aronian, Levon"]
[Result "1-0"]
[WhiteTitle "GM"]
[BlackTitle "GM"]
[WhiteElo "2634"]
[BlackElo "2782"]
[WhiteFideId "14204118"]
[BlackFideId "13300474"]
[EventDate "2021.07.10"]

1. d4 Nf6 2. c4 e6 3. Nf3 d5 4. Nc3 Bb4 5. cxd5 exd5 6. Bf4 Ne4 7. Rc1 Qe7 8. e3
g5 9. Bg3 h5 10. Bd3 h4 11. Be5 f6 12. O-O Bxc3 13. bxc3 fxe5 14. Nxe5 Rh6 15.
c4 Nc6 16. Qa4 Bd7 17. Nxd7 Qxd7 18. cxd5 Qxd5 19. f3 Nf6 20. Rc5 Qd6 21. Rb1
Nd7 22. Rxg5 Nb6 23. Rxb6 cxb6 24. Rg8+ Ke7 25. Rxa8 h3 26. g4 Re6 27. Be4 Rxe4
28. fxe4 Qg6 29. Qa3+ Kd7 30. Qf8 Qxg4+ 31. Kf2 Qxe4 32. Qf7+ Ne7 33. Qf3 Qc2+
34. Kg3 Qg6+ 35. Qg4+ Nf5+ 36. Kf4 Qxg4+ 37. Kxg4 Nxe3+ 38. Kxh3 a5 39. Kg3 Nf5+
40. Kf4 Nxd4 41. h4 Ke6 42. h5 Kf6 43. Rb8 Ne6+ 44. Ke4 b5 45. Kd5 Nf4+ 46. Kc5
b4 47. h6 Kg6 48. Rxb7 Kxh6 49. Ra7 Kg5 50. Rxa5 Kf6 51. Kxb4 Ke6 52. Kc5 Kd7
53. Kb6 Ne6 54. a4 Kd6 55. Ra8 Nf4 56. a5 1-0

[Event "San Fermin Masters Final"]
[Site "chess24.com INT"]
[Date "2021.07.10"]
[Round "1.5"]
[White "Aronian, Levon"]
[Black "Abdusattorov, Nodirbek"]
[Result "1-0"]
[WhiteTitle "GM"]
[BlackTitle "GM"]
[WhiteElo "2782"]
[BlackElo "2634"]
[WhiteFideId "13300474"]
[BlackFideId "14204118"]
[EventDate "2021.07.10"]

1. d4 Nf6 2. c4 e6 3. Nf3 d5 4. Nc3 c5 5. e3 cxd4 6. exd4 Bb4 7. cxd5 Nxd5 8.
Qc2 Nc6 9. Bd3 h6 10. O-O Ba5 11. a3 O-O 12. Rd1 Bb6 13. Bh7+ Kh8 14. Be4 Nxc3
15. bxc3 Bd7 16. Bf4 Rc8 17. Qd2 f5 18. Bxc6 Bxc6 19. Ne5 Kg8 20. a4 Bd5 21. f3
Ba5 22. Rdc1 Bc4 23. Qe1 Re8 24. Rab1 Ba6 25. Bd2 Bc7 26. Bf4 Ba5 27. h4 Rxc3
28. Qf2 Qd5 29. Kh2 Rec8 30. Qg3 Rxc1 31. Bxc1 Bd8 32. Bxh6 Bf6 33. Bg5 Bxg5 34.
Qxg5 Qxd4 35. Re1 Qd8 36. Qg3 Qf6 37. Ng6 Rc4 38. h5 Rc8 39. Rd1 Kh7 40. Rd7 Re8
41. Ne5 Qh6 42. Qh4 Kg8 43. Nf7 Qf6 44. Qxf6 gxf6 45. Nd6 Ra8 46. Re7 e5 47.
Nxf5 Bd3 48. Nh6+ Kh8 49. Rxb7 a5 50. Rc7 Rb8 51. Kg3 Rb2 52. Ng4 Rb6 53. Kh4
Rb4 54. Kg3 Rb6 55. Rf7 Bc4 56. Ra7 Bb3 57. Rxa5 Kg7 58. Rb5 Rxb5 59. axb5 Be6
60. b6 Bc8 61. h6+ Kg6 62. h7 Kxh7 63. Nxf6+ Kg6 64. Ne8 1-0

[Event "San Fermin Masters Final"]
[Site "chess24.com INT"]
[Date "2021.07.10"]
[Round "1.6"]
[White "Abdusattorov, Nodirbek"]
[Black "Aronian, Levon"]
[Result "0-1"]
[WhiteTitle "GM"]
[BlackTitle "GM"]
[WhiteElo "2634"]
[BlackElo "2782"]
[WhiteFideId "14204118"]
[BlackFideId "13300474"]
[EventDate "2021.07.10"]

1. d4 Nf6 2. c4 e6 3. Nf3 d5 4. Nc3 Bb4 5. cxd5 exd5 6. Bf4 Ne4 7. Rc1 Qe7 8.
Nd2 Nxc3 9. bxc3 Ba3 10. Rb1 O-O 11. g3 c6 12. h4 Bf5 13. Rb3 b5 14. Bg2 a5 15.
Nb1 a4 16. Rxa3 Bxb1 17. Qc1 Bd3 18. O-O Bc4 19. Bxb8 Raxb8 20. Re1 f5 21. e3
Rbe8 22. Bf1 f4 0-1

[Event "San Fermin Masters Final"]
[Site "chess24.com INT"]
[Date "2021.07.10"]
[Round "1.7"]
[White "Aronian, Levon"]
[Black "Abdusattorov, Nodirbek"]
[Result "1-0"]
[WhiteTitle "GM"]
[BlackTitle "GM"]
[WhiteElo "2782"]
[BlackElo "2634"]
[WhiteFideId "13300474"]
[BlackFideId "14204118"]
[EventDate "2021.07.10"]

1. d4 Nf6 2. c4 c5 3. d5 b5 4. Nf3 g6 5. Qc2 Bg7 6. e4 d6 7. cxb5 O-O 8. Nc3 a6
9. a4 Ne8 10. Ra3 Nd7 11. Be2 axb5 12. Nxb5 Nc7 13. O-O Na6 14. Bd2 Nb6 15. Bc3
Bg4 16. Bxg7 Kxg7 17. Nfd4 Bxe2 18. Nc6 Qd7 19. Qxe2 Nb4 20. a5 Nc8 21. Nxb4
cxb4 22. Raa1 Na7 23. Nd4 Rfc8 24. h3 Rc5 25. Nb3 Rc7 26. Rfc1 Rac8 27. Rxc7
Rxc7 28. a6 h5 29. Ra5 Rc8 30. h4 Qc7 31. Qe3 Kh7 32. g3 Kg8 33. Ra1 Qd7 34. Qb6
Nb5 35. a7 Nxa7 36. Qxa7 Qg4 37. Qxe7 Rc2 38. Ra8+ 1-0

[Event "San Fermin Masters Final"]
[Site "chess24.com INT"]
[Date "2021.07.10"]
[Round "1.8"]
[White "Abdusattorov, Nodirbek"]
[Black "Aronian, Levon"]
[Result "1-0"]
[WhiteTitle "GM"]
[BlackTitle "GM"]
[WhiteElo "2634"]
[BlackElo "2782"]
[WhiteFideId "14204118"]
[BlackFideId "13300474"]
[EventDate "2021.07.10"]

1. d4 Nf6 2. c4 e6 3. Nc3 Bb4 4. Qc2 c5 5. dxc5 O-O 6. Nf3 Na6 7. g3 Nxc5 8. Bg2
Nce4 9. O-O Nxc3 10. bxc3 Be7 11. e4 d6 12. e5 dxe5 13. Nxe5 Qc7 14. Re1 Bd6 15.
Qe2 Nd7 16. Bf4 Bxe5 17. Bxe5 Qxe5 18. Qxe5 Nxe5 19. Rxe5 Rb8 20. Rb1 b6 21. c5
f6 22. Re3 e5 23. c6 Be6 24. f4 Rbd8 25. fxe5 f5 26. c4 f4 27. gxf4 Rxf4 28. Bd5
Bxd5 29. cxd5 Rxd5 30. e6 Rf8 31. e7 Re8 32. Rc1 Rc5 33. Rxc5 bxc5 34. c7 Kf7
35. Rf3+ 1-0

[Event "San Fermin Masters Final"]
[Site "chess24.com INT"]
[Date "2021.07.10"]
[Round "1.9"]
[White "Aronian, Levon"]
[Black "Abdusattorov, Nodirbek"]
[Result "1-0"]
[WhiteTitle "GM"]
[BlackTitle "GM"]
[WhiteElo "2782"]
[BlackElo "2634"]
[WhiteFideId "13300474"]
[BlackFideId "14204118"]
[EventDate "2021.07.10"]

1. d4 Nf6 2. c4 e6 3. Nf3 d5 4. Nc3 c5 5. e3 cxd4 6. exd4 Bb4 7. cxd5 Nxd5 8.
Qc2 Nc6 9. Bd3 h6 10. O-O O-O 11. Rd1 Ba5 12. a3 Bd7 13. h3 Rc8 14. Nxd5 exd5
15. Qb3 Bb6 16. Qxd5 Be6 17. Qe4 g6 18. Bxh6 Re8 19. Qf4 Bc7 20. Qg5 Qxg5 21.
Bxg5 Bd5 22. Bb5 Kg7 23. Rac1 f6 24. Be3 a6 25. Bc4 Bxf3 26. gxf3 Bd6 27. Bd5
Red8 28. Kg2 f5 29. Be6 Rc7 30. d5 Ne7 31. Bb6 Rxc1 32. Rxc1 Re8 33. Bc7 Nc8 34.
Ba5 Ne7 35. Bc3+ Kf8 36. Bd2 Kg7 37. Bg5 Ng8 38. Be3 Ne7 39. b4 Be5 40. Bc5 Nc8
41. f4 Bf6 42. a4 Rd8 43. a5 Kh6 44. Be3 Nd6 45. Rc7 g5 46. fxg5+ Bxg5 47. Bd4
Ne4 48. Rxb7 Bh4 49. Rb6 1-0

[Event "San Fermin Masters Final"]
[Site "chess24.com INT"]
[Date "2021.07.10"]
[Round "1.10"]
[White "Abdusattorov, Nodirbek"]
[Black "Aronian, Levon"]
[Result "1-0"]
[WhiteTitle "GM"]
[BlackTitle "GM"]
[WhiteElo "2634"]
[BlackElo "2782"]
[WhiteFideId "14204118"]
[BlackFideId "13300474"]
[EventDate "2021.07.10"]

1. e4 e5 2. Nf3 Nc6 3. Bb5 a6 4. Ba4 Nf6 5. O-O Bc5 6. c3 b5 7. Bb3 d6 8. d4 Bb6
9. h3 O-O 10. Be3 exd4 11. cxd4 Nxe4 12. Bd5 Qe8 13. Re1 Nf6 14. Bg5 Nxd5 15.
Rxe8 Rxe8 16. Nc3 Be6 17. Qd2 Ba5 18. Rc1 f6 19. Be3 Bxc3 20. bxc3 Na5 21. Qd3
Nc4 22. Re1 Bf7 23. Nh4 Re6 24. Nf5 Rae8 25. Qd1 Bg6 26. Qf3 c6 27. g4 Ncxe3 28.
fxe3 Bxf5 29. Qxf5 g6 30. Qf1 Nxe3 31. Qd3 Kg7 32. a4 Nd5 33. Rxe6 Rxe6 34. c4
Re3 35. Qf1 Nc3 36. d5 cxd5 37. cxb5 axb5 38. axb5 Re2 39. b6 Rb2 40. Qa6 Ne2+
41. Kf1 Nd4 42. b7 Kh6 43. Qa8 Nc6 44. Qc8 Rb1+ 45. Kf2 Rb2+ 46. Ke1 Rb6 47. Qc7
Rb1+ 48. Kd2 Ne5 49. b8=Q Nc4+ 50. Ke2 Rxb8 51. Qxb8 Kg5 52. Kf2 1-0

[Event "San Fermin Masters Final"]
[Site "chess24.com INT"]
[Date "2021.07.10"]
[Round "1.11"]
[White "Aronian, Levon"]
[Black "Abdusattorov, Nodirbek"]
[Result "1-0"]
[WhiteTitle "GM"]
[BlackTitle "GM"]
[WhiteElo "2782"]
[BlackElo "2634"]
[WhiteFideId "13300474"]
[BlackFideId "14204118"]
[EventDate "2021.07.10"]

1. d4 Nf6 2. c4 e6 3. Nf3 d5 4. Nc3 c5 5. e3 Nc6 6. a3 dxc4 7. Bxc4 a6 8. O-O b5
9. Ba2 Bb7 10. d5 exd5 11. Nxd5 Be7 12. b4 c4 13. Nxe7 Qxd1 14. Rxd1 Kxe7 15.
Bb2 Rhd8 16. Nd4 Nxd4 17. Bxd4 Be4 18. f3 Bd3 19. Kf2 Rac8 20. Rac1 g6 21. g4
Nd5 22. g5 Ke8 23. h4 Nc7 24. Bf6 Rd7 25. e4 Kf8 26. Bb1 Ke8 27. Bxd3 cxd3 28.
Rc6 Ra8 29. Ke3 a5 30. bxa5 Rxa5 31. Rc3 d2 32. Be5 Ne6 33. Rc8+ Nd8 34. Bb2 Ra4
35. Rb8 Rc4 36. Rxd2 Rxd2 37. Kxd2 Kd7 38. Rxb5 Ra4 39. Ke3 Ne6 40. f4 Kc6 41.
Rb4 Ra8 42. f5 Nc5 43. Rc4 Kb5 44. Rd4 Kc6 45. Kf4 Rb8 46. Bc1 Rb1 47. Be3 Rf1+
48. Kg3 Nd7 49. Kg2 Ra1 50. Bf4 Ra2+ 51. Rd2 Rxd2+ 52. Bxd2 Nb6 53. Kf3 Nc4 54.
Bb4 Kb5 55. Kf4 Kc6 56. a4 Kb6 57. e5 Kc6 58. e6 fxe6 59. f6 Nb6 60. f7 e5+ 61.
Kxe5 Nd7+ 62. Ke6 1-0

[Event "San Fermin Masters Final"]
[Site "chess24.com INT"]
[Date "2021.07.11"]
[Round "2.2"]
[White "So, Wesley"]
[Black "Carlsen, Magnus"]
[Result "0-1"]
[WhiteTitle "GM"]
[BlackTitle "GM"]
[WhiteElo "2772"]
[BlackElo "2847"]
[WhiteFideId "5202213"]
[BlackFideId "1503014"]
[EventDate "2021.07.10"]

1. d4 d5 2. c4 c6 3. Nf3 Nf6 4. e3 Bg4 5. h3 Bxf3 6. Qxf3 e6 7. Nc3 Nbd7 8. a3
g6 9. Bd2 Bg7 10. cxd5 exd5 11. Bd3 O-O 12. O-O a6 13. Rfc1 Re8 14. b4 b5 15.
Ne2 Rc8 16. a4 Nb6 17. axb5 axb5 18. Ra6 Nc4 19. Be1 Ne4 20. Nc3 Ned6 21. Rca1
Bh6 22. Ra7 Rc7 23. g3 Rxa7 24. Rxa7 Qb6 25. Ra2 Nxe3 26. Re2 Qxd4 27. Bb1 Nec4 0-1

[Event "San Fermin Masters Final"]
[Site "chess24.com INT"]
[Date "2021.07.11"]
[Round "2.3"]
[White "Carlsen, Magnus"]
[Black "So, Wesley"]
[Result "1-0"]
[WhiteTitle "GM"]
[BlackTitle "GM"]
[WhiteElo "2847"]
[BlackElo "2772"]
[WhiteFideId "1503014"]
[BlackFideId "5202213"]
[EventDate "2021.07.10"]

1. e4 e5 2. Nf3 Nc6 3. Bb5 a6 4. Ba4 Nf6 5. O-O Be7 6. Re1 b5 7. Bb3 O-O 8. a4
b4 9. d3 d6 10. Nbd2 Be6 11. Nc4 Rb8 12. a5 Na7 13. d4 Nxe4 14. Rxe4 d5 15. Rxe5
dxc4 16. Rxe6 cxb3 17. Rxa6 Nb5 18. cxb3 Qd5 19. Qc2 c5 20. dxc5 Bxc5 21. Be3
Bxe3 22. fxe3 Rfc8 23. Rb6 Ra8 24. Rd1 Rxc2 25. Rxd5 Nc7 26. Rd7 h6 27. Nd4 Rc1+
28. Kf2 Rxa5 29. Rc6 1-0

[Event "San Fermin Masters Final"]
[Site "chess24.com INT"]
[Date "2021.07.11"]
[Round "2.4"]
[White "So, Wesley"]
[Black "Carlsen, Magnus"]
[Result "1/2-1/2"]
[WhiteTitle "GM"]
[BlackTitle "GM"]
[WhiteElo "2772"]
[BlackElo "2847"]
[WhiteFideId "5202213"]
[BlackFideId "1503014"]
[EventDate "2021.07.10"]

1. e4 c6 2. d4 d5 3. e5 Bf5 4. Nf3 e6 5. Be2 Ne7 6. O-O h6 7. Nbd2 Nd7 8. Nb3 a5
9. a4 Qb6 10. Bd2 Bh7 11. Rc1 Nf5 12. Bd3 Bb4 13. Bxb4 Qxb4 14. c3 Qe7 15. Qc2
Bg6 16. g3 O-O 17. Rfe1 c5 18. dxc5 Nxc5 19. Nxc5 Qxc5 20. Qe2 Ne7 21. Bxg6 Nxg6
22. Nd4 Ne7 23. Qb5 Rfc8 24. Qxc5 Rxc5 25. Rc2 Nc6 26. Nb5 d4 27. f4 dxc3 28.
Rd1 Nb4 29. Rxc3 Rxc3 30. Nxc3 Rc8 31. Rd7 b6 32. Rd6 Rc6 33. Rxc6 Nxc6 34. Kf2
Kf8 35. Ke3 Ke7 36. Kd3 Kd7 37. Kc4 Ne7 38. Kb5 Kc7 39. Ka6 Kc6 40. Nb5 Nd5 41.
Nd6 f6 42. Ne8 fxe5 43. fxe5 g5 44. Ng7 Nb4+ 45. Ka7 Nd3 46. Nxe6 Nxe5 47. Ka6
Nf3 48. h3 h5 49. b3 h4 50. g4 Kd6 51. Ng7 Kc5 52. Ne6+ Kc6 53. Ka7 Kd6 54. Ng7
Kc6 55. Ne6 Kd6 56. Ng7 Kc6 57. Ne6 1/2-1/2

[Event "San Fermin Masters Final"]
[Site "chess24.com INT"]
[Date "2021.07.11"]
[Round "2.6"]
[White "So, Wesley"]
[Black "Carlsen, Magnus"]
[Result "1/2-1/2"]
[WhiteTitle "GM"]
[BlackTitle "GM"]
[WhiteElo "2772"]
[BlackElo "2847"]
[WhiteFideId "5202213"]
[BlackFideId "1503014"]
[EventDate "2021.07.10"]

1. e4 e5 2. Nf3 Nc6 3. Bc4 Bc5 4. c3 Nf6 5. d4 exd4 6. e5 d5 7. Bb5 Ne4 8. cxd4
Bb6 9. Nc3 O-O 10. Be3 Bg4 11. h3 Bh5 12. Qc2 Nxc3 13. bxc3 f6 14. exf6 Qxf6 15.
Be2 Na5 16. O-O Bxf3 17. Bxf3 c6 18. Rae1 Nc4 19. Bc1 Qg6 20. Qxg6 hxg6 21. Re7
Rf7 22. Re2 Ba5 23. Rc2 Re8 24. Be2 Rfe7 25. Bd3 Kf7 26. g3 b5 27. h4 Re1 28.
Kg2 Bc7 29. a4 a5 30. Bg5 Rxf1 31. Kxf1 bxa4 32. Bxc4 dxc4 33. Ra2 Ke6 34. Rxa4
Kd5 35. Ra2 Ra8 36. Be7 a4 37. Bb4 Bd6 38. Bxd6 Kxd6 39. Ke2 c5 40. Ke3 a3 41.
g4 Kd5 42. dxc5 Kxc5 43. Ra1 Kb5 44. Rb1+ Ka4 45. Rb4+ Ka5 46. Rb1 Ka4 47. Rb4+
Ka5 48. Rb1 Ka4 1/2-1/2

[Event "San Fermin Masters Final"]
[Site "chess24.com INT"]
[Date "2021.07.11"]
[Round "2.1"]
[White "Ding, Liren"]
[Black "Aronian, Levon"]
[Result "0-1"]
[WhiteTitle "GM"]
[BlackTitle "GM"]
[WhiteElo "2799"]
[BlackElo "2782"]
[WhiteFideId "8603677"]
[BlackFideId "13300474"]
[EventDate "2021.07.10"]

1. Nf3 d5 2. g3 g6 3. Bg2 Bg7 4. O-O e5 5. d3 Ne7 6. c4 dxc4 7. dxc4 Qxd1 8.
Rxd1 e4 9. Nd4 f5 10. Nc3 c6 11. f3 exf3 12. exf3 Kf7 13. Be3 Nd7 14. Rd2 Nf6
15. Bf1 Re8 16. Kf2 h6 17. Rad1 g5 18. Nb3 f4 19. gxf4 Nf5 20. Bc5 gxf4 21. Rd8
Ne3 22. Bxe3 fxe3+ 23. Ke2 Be6 24. Rxa8 Rxa8 25. Kxe3 Re8 26. Kf2 Bf8 27. Nd4
Bc8 28. a3 a5 29. Na4 Nh5 30. Nc2 Nf4 31. b4 axb4 32. axb4 Bf5 33. Ne3 Be6 34.
c5 Ra8 35. Nb6 Ra2+ 36. Kg1 Bg7 37. Bc4 Bxc4 38. Nbxc4 Bc3 39. Nd6+ Kg6 0-1

[Event "San Fermin Masters Final"]
[Site "chess24.com INT"]
[Date "2021.07.11"]
[Round "2.2"]
[White "Aronian, Levon"]
[Black "Ding, Liren"]
[Result "1/2-1/2"]
[WhiteTitle "GM"]
[BlackTitle "GM"]
[WhiteElo "2782"]
[BlackElo "2799"]
[WhiteFideId "13300474"]
[BlackFideId "8603677"]
[EventDate "2021.07.10"]

1. d4 Nf6 2. Nf3 d5 3. c4 e6 4. Nc3 Bb4 5. cxd5 exd5 6. Bf4 Ne4 7. Rc1 Nc6 8.
Nd2 g5 9. Be3 Nxc3 10. bxc3 Ba3 11. Rc2 Bf5 12. g3 Qe7 13. Bg2 O-O-O 14. O-O Na5
15. c4 dxc4 16. Nxc4 Bxc2 17. Qxc2 Nxc4 18. Qxc4 Rd6 19. Rb1 Rb6 20. Rxb6 axb6
21. Qd5 c6 22. Qf5+ Kb8 23. Bxg5 Qxe2 24. Qxf7 Rf8 25. Bf4+ Ka7 26. Qb3 Qe1+ 27.
Bf1 Qb4 28. Qd3 Rxf4 29. gxf4 Bb2 30. d5 cxd5 31. Qxd5 Qxf4 32. Be2 Be5 33. Bf3
Qg5+ 34. Kf1 Qc1+ 35. Kg2 Qg5+ 36. Kf1 Qc1+ 37. Kg2 Qg5+ 38. Kf1 1/2-1/2

[Event "San Fermin Masters Final"]
[Site "chess24.com INT"]
[Date "2021.07.11"]
[Round "2.3"]
[White "Ding, Liren"]
[Black "Aronian, Levon"]
[Result "1/2-1/2"]
[WhiteTitle "GM"]
[BlackTitle "GM"]
[WhiteElo "2799"]
[BlackElo "2782"]
[WhiteFideId "8603677"]
[BlackFideId "13300474"]
[EventDate "2021.07.10"]

1. Nf3 d5 2. g3 g6 3. Bg2 Bg7 4. O-O e5 5. d3 Ne7 6. c4 c6 7. e4 dxe4 8. dxe4
Qxd1 9. Rxd1 Be6 10. b3 f6 11. Nc3 Na6 12. Be3 h5 13. Ne1 h4 14. Nd3 hxg3 15.
hxg3 Kf7 16. f4 exf4 17. gxf4 Rhd8 18. Kf2 Rd7 19. Nc5 Nxc5 20. Bxc5 b6 21. Rxd7
Bxd7 22. Be3 Bg4 23. Rh1 Rd8 24. Bf3 Bxf3 25. Kxf3 f5 26. e5 g5 27. fxg5 Ng6 28.
Ne2 Nxe5+ 29. Kg2 Re8 30. Ng3 Kg6 31. Bf4 Nd3 32. Rf1 Be5 33. Bxe5 Rxe5 34. Rd1
Re3 35. Nf1 Nf4+ 36. Kf2 Rd3 37. Rxd3 Nxd3+ 38. Ke3 Nc1 39. Kf4 Ne2+ 40. Ke3 Nc3
41. Kf4 Nxa2 42. Ne3 Nc1 43. Nxf5 Nxb3 44. Ne7+ Kf7 45. Nxc6 a5 46. Ke4 Kg6 47.
Kd5 Kxg5 48. Na7 a4 49. Nb5 Kf4 50. Kc6 Na5+ 51. Kxb6 Nxc4+ 52. Kc5 a3 53. Nxa3
Nxa3 1/2-1/2

[Event "San Fermin Masters Final"]
[Site "chess24.com INT"]
[Date "2021.07.11"]
[Round "2.4"]
[White "Aronian, Levon"]
[Black "Ding, Liren"]
[Result "1/2-1/2"]
[WhiteTitle "GM"]
[BlackTitle "GM"]
[WhiteElo "2782"]
[BlackElo "2799"]
[WhiteFideId "13300474"]
[BlackFideId "8603677"]
[EventDate "2021.07.10"]

1. d4 Nf6 2. c4 e6 3. Nf3 d5 4. Nc3 c6 5. cxd5 exd5 6. Qc2 Bd6 7. Bg5 O-O 8. e3
h6 9. Bh4 Be6 10. Bd3 Nbd7 11. O-O Re8 12. Rab1 a5 13. a3 Qb8 14. Rfc1 Ng4 15.
Bg3 Bxg3 16. hxg3 Ndf6 17. b4 axb4 18. axb4 Qd6 19. b5 c5 20. dxc5 Qxc5 21. Ne2
Qxc2 22. Rxc2 Ra3 23. Nf4 g5 24. Nxe6 fxe6 25. Bg6 Re7 26. Rc8+ Kg7 27. Bc2 Ra2
28. Nd4 Ne5 29. b6 Kf7 30. Nb5 Rd7 31. Nd4 Ke7 32. Rh8 h5 33. Bd1 g4 34. Be2 Nc4
35. Rc8 e5 36. Bxc4 dxc4 37. Nc6+ Ke6 38. Nb4 Ra4 39. Rxc4 Rd6 40. Rbc1 Rxb6 41.
Nd3 Rxc4 42. Rxc4 Kd5 43. Rc5+ Ke4 44. Nxe5 Nd5 45. Nc4 Rc6 46. Nd2+ Ke5 47. Rb5
Rc1+ 48. Kh2 Rc2 49. e4 Rxd2 50. exd5 Rxd5 51. Rxb7 Kf5 52. Rf7+ Kg6 53. Rf4 Rd2
54. Rf8 Ra2 55. Kg1 Ra1+ 56. Kh2 Ra2 57. f3 gxf3 58. Rxf3 Kg5 59. Rf8 Ra1 60.
Rg8+ Kf5 61. g4+ hxg4 62. Kg3 Ra3+ 63. Kh4 g3 64. Kh5 Kf6 65. Rg6+ Kf5 66. Rg8
Kf6 67. Kh4 Kf5 68. Rf8+ Kg6 69. Kg4 Rb3 70. Rf4 Ra3 71. Kh4 Rb3 72. Rg4+ Kh6
73. Rxg3 Rxg3 74. Kxg3 Kg5 75. Kf3 Kf5 76. g4+ Kg5 77. Kg3 Kg6 78. Kh4 Kh6 79.
g5+ Kg6 80. Kg4 Kg7 81. Kh5 Kh7 82. g6+ Kg7 83. Kg5 Kg8 84. Kh6 Kh8 85. g7+ Kg8
86. Kg6 1/2-1/2

[Event "San Fermin Masters Final"]
[Site "chess24.com INT"]
[Date "2021.07.11"]
[Round "2.5"]
[White "Ding, Liren"]
[Black "Aronian, Levon"]
[Result "1-0"]
[WhiteTitle "GM"]
[BlackTitle "GM"]
[WhiteElo "2799"]
[BlackElo "2782"]
[WhiteFideId "8603677"]
[BlackFideId "13300474"]
[EventDate "2021.07.10"]

1. Nf3 d5 2. g3 g6 3. Bg2 Bg7 4. d4 Nf6 5. O-O O-O 6. c4 c6 7. Qb3 dxc4 8. Qxc4
b5 9. Qc3 Bf5 10. Rd1 a5 11. Qe1 Qc8 12. Nc3 Rd8 13. Bf4 Nd5 14. Be5 b4 15. Nxd5
cxd5 16. Rdc1 Qa6 17. Bxg7 Kxg7 18. a3 b3 19. Rc3 a4 20. Ne5 Be4 21. Rac1 Ra7
22. Rc7 Bc2 23. Rc3 Qd6 24. Qd2 Rc7 25. Rxc7 Qxc7 26. Nd3 Qb6 27. Nb4 Be4 28.
Rc5 Bxg2 29. Kxg2 e6 30. Qf4 Nd7 31. Rc6 Qb8 32. Qxb8 Rxb8 33. Nd3 Nb6 34. Kf3
Kf8 35. e4 Ke8 36. e5 Kd7 37. Rd6+ Kc7 38. Kf4 Rd8 39. Rxd8 Kxd8 40. Kg5 Nc4 41.
Kh6 Ke7 42. Kxh7 Nd2 43. Nc5 Nf3 44. Nxa4 Nxd4 45. Nc5 Nf3 46. Nxb3 d4 47. Nc1
Nxe5 48. f4 d3 49. Nb3 Nc4 50. Kg7 f6 51. Kxg6 e5 52. Kf5 Kd6 53. fxe5+ fxe5 54.
g4 Kd5 55. g5 e4 56. g6 Nd6+ 57. Kf4 Ke6 58. Nd2 Kf6 59. a4 Kxg6 60. a5 Kf7 61.
a6 Nb5 62. Kxe4 1-0

[Event "San Fermin Masters Final"]
[Site "chess24.com INT"]
[Date "2021.07.11"]
[Round "2.6"]
[White "Aronian, Levon"]
[Black "Ding, Liren"]
[Result "1-0"]
[WhiteTitle "GM"]
[BlackTitle "GM"]
[WhiteElo "2782"]
[BlackElo "2799"]
[WhiteFideId "13300474"]
[BlackFideId "8603677"]
[EventDate "2021.07.10"]

1. d4 Nf6 2. c4 e6 3. Nf3 d5 4. Nc3 c5 5. e3 Nc6 6. a3 dxc4 7. Bxc4 a6 8. O-O b5
9. Ba2 Bb7 10. d5 exd5 11. Nxd5 Bd6 12. e4 Nxd5 13. Qxd5 O-O 14. Qh5 Qf6 15. Bg5
Qxb2 16. Bd5 Na5 17. Ra2 Qc3 18. Bd2 Qd3 19. Bxa5 Bxd5 20. Qxd5 Qxd5 21. exd5
Rfe8 22. Re1 Kf8 23. Kf1 Rxe1+ 24. Nxe1 Ke8 25. g3 Kd7 26. Nd3 c4 27. Nb4 Bc5
28. Re2 Kd6 29. Ke1 Bxb4+ 30. axb4 Kxd5 31. Kd2 Ra7 32. Kc3 f6 33. Bb6 Rb7 34.
Bc5 h5 35. f3 g5 36. Rd2+ Ke5 37. Rd6 a5 38. bxa5 b4+ 39. Bxb4 1-0

[Event "San Fermin Masters Final"]
[Site "chess24.com INT"]
[Date "2021.07.11"]
[Round "2.7"]
[White "Ding, Liren"]
[Black "Aronian, Levon"]
[Result "1/2-1/2"]
[WhiteTitle "GM"]
[BlackTitle "GM"]
[WhiteElo "2799"]
[BlackElo "2782"]
[WhiteFideId "8603677"]
[BlackFideId "13300474"]
[EventDate "2021.07.10"]

1. Nf3 d5 2. g3 g6 3. Bg2 Bg7 4. d4 Nf6 5. O-O O-O 6. c4 c6 7. Qb3 Qb6 8. Nc3
Rd8 9. Bd2 Bf5 10. Na4 Qxb3 11. axb3 Nbd7 12. Rfc1 h6 13. e3 g5 14. Ba5 Rdc8 15.
Nd2 e6 16. Bb4 Bf8 17. Bxf8 Kxf8 18. b4 a5 19. b5 cxb5 20. cxb5 b6 21. Rc6 Rcb8
22. Rac1 Ra7 23. Bf1 Ke7 24. f3 g4 25. f4 h5 26. Nb1 Bxb1 27. Rxb1 Ne4 28. Rbc1
f5 29. Bd3 Nd6 30. Kf2 Rab7 31. h3 Nf6 32. hxg4 hxg4 33. Rh1 Nf7 34. b3 Nd8 35.
Rc2 Nf7 36. Ke2 Rd7 37. Rc6 Rd6 38. Rc7+ Rd7 39. Rc2 Rd6 40. Kd2 Rdd8 41. Rc7+
Rd7 42. Rc6 Rd6 43. Rc2 Rdd8 44. Ke2 Rd7 45. Rc3 Rdd8 46. Kf2 Rd7 47. Rc2 Rdd8
48. Kg2 Rd7 49. Rhc1 Nd6 50. Rc6 Rdb7 51. R1c2 Nd7 52. Rc1 Rh8 53. R1c2 Nf7 54.
Rc1 Nd6 55. R1c2 Rhb8 56. Rc1 Rh8 1/2-1/2

[Event "San Fermin Masters Final"]
[Site "chess24.com INT"]
[Date "2021.07.11"]
[Round "2.8"]
[White "Aronian, Levon"]
[Black "Ding, Liren"]
[Result "1-0"]
[WhiteTitle "GM"]
[BlackTitle "GM"]
[WhiteElo "2782"]
[BlackElo "2799"]
[WhiteFideId "13300474"]
[BlackFideId "8603677"]
[EventDate "2021.07.10"]

1. d4 Nf6 2. c4 g6 3. Nc3 Bg7 4. e4 d6 5. Be2 O-O 6. Be3 Na6 7. Nf3 e5 8. O-O
Ng4 9. Bg5 f6 10. Bh4 Nh6 11. h3 Nf7 12. a3 c6 13. b4 Nc7 14. Re1 Kh8 15. Rc1
Qe7 16. d5 c5 17. bxc5 dxc5 18. a4 a5 19. Rb1 Na6 20. Nd2 Nb4 21. Bg4 b6 22.
Bxc8 Raxc8 23. Nb5 Qd7 24. Nf1 f5 25. exf5 gxf5 26. Ng3 e4 27. Nh5 Ne5 28. Re3
Ng6 29. Nxg7 Qxg7 30. Bg5 Rce8 31. Nd6 Re5 32. f4 exf3 33. Qxf3 f4 34. Rxe5 Nxe5
35. Qh5 f3 36. Ne4 Nbd3 37. Rf1 Nf4 38. Qh6 Qxh6 39. Bxh6 Rf7 40. Nd6 Rf6 41.
Bg5 Rf8 42. Be7 fxg2 43. Bxf8 gxf1=Q+ 44. Kxf1 Kg8 45. Be7 Nxh3 46. Bd8 Nd7 47.
Nc8 Nf4 48. Nxb6 Ne5 49. Bc7 Nfd3 50. d6 Nb2 51. d7 Nxd7 52. Nxd7 Nxc4 53. Nxc5
Kf7 54. Ke2 h5 55. Kd3 Nb2+ 56. Kc3 Nd1+ 57. Kc4 Ne3+ 58. Kb5 Nd5 59. Bxa5 h4
60. Ne4 Kg6 61. Kc5 Nf6 62. Nxf6 Kxf6 63. Bc7 Ke6 64. Kc6 h3 65. a5 1-0